000
00211nam a22000857a 4500
040
_c
SCME
100
_a
Yan Bing
245
_a
Witness to china’s reform and opening up series of 40 celebrities
942
_2
ddc
_c
BK
999
_c
589566
_d
589566